00893nam a2200253Ia 4500003000400000005001700004008004100021020001500062040001800077041000800095082002000103100003300123245011200156250001200268260003900280300003000319650001600349650003600365650002600401700003400427942002700461999001900488952013200507OSt20251010090650.0210716s1994 xx 000 0 und d a8170941733 cAIMIT LIBRARY aeng a005.7561 bARUP aAruna, Panangipally.9142841 aWonders of power builder 3.0 :bacross the final frontier /cBy Panangipally Aruna and Suvarnalaxmi Pandit. a1st ed. aNew Delhi :bVision Books ,c1994. axiv,282 p.;bPBc22.5 cm. aDDE9142842 aFunctions and structure9241904 aMore on menus9241905 aPandit, Suvarnalaxmi.9241906 2ddccBKk005.7561 ARUP c183019d183019 00102ddc40708MCAaAIMITbAIMITd2021-07-16g170.00l0o005.7561 ARUPpMCA02527r2026-05-23 00:00:00v170.00w2021-07-16yBK